Xelb 10: Revista de Arqueologia, Arte, etnologia e História 2010 (Registo nº 202118)

Detalhes MARC
000 -Etiqueta do registo
Valores 00667nam 22001813 4500
010 ## - Número ISBN
ISBN 978-972-8505-5-25-7
100 ## - Dados gerais de processamento
Dados gerais 20260511d u||y0pory50 ba
200 ## - Titulo e menção de responsabilidade
Título próprio Xelb 10: Revista de Arqueologia, Arte, etnologia e História 2010
Primeira menção de responsabilidade Actas do 7º Encontro de Arqueologia do Algarve
210 ## - Publicação
Local de publicação Silves
Nome do editor Museu Municipal de Arqueologia, Câmara Municipal de Silves
Data de publicação 2010
215 ## - Descrição física 
Paginação / Volumes 915 p.
Outras indicações físicas encadernado
Dimensões 28 cm
606 ## - Nome comum usado como assunto
ID Autoridade 4668
Palavra de ordem Arqueologia
675 ## - CDU
Notação 902
Edição PT
Língua por
710 ## - Autor principal (colectividade)
ID Autoridade 17278
Nome da entidade Encontro de Arqueologia do Algarve
Local do grupo-eventual Silves
Data do grupo-eventual 22, 23e 24 de Outubro 2009
801 ## - Fonte de origem
País PT
Agência BMMN
Regras de catalogação RPC
830 ## - Notas gerais do catalogador
Criado por Fernando
Indexado por Fernando
990 ## - Elementos KOHA
Tipo de documento Livro
Exemplares
Situação do levantamento Biblioteca de origem Código de barras Cota Permissão de empréstimo Tipo de documento Forma de aquisição
  Biblioteca Municipal de Montemor-o-Novo 31541 902 XEL|DEP   Livro Oferta

Powered by Koha